Old And The New (Record no. 39746)

MARC details
000 -LEADER
fixed length control field 00418nam a2200181Ia 4500
008 - FIXED-LENGTH DATA ELEMENTS--GENERAL INFORMATION
fixed length control field 220531s9999 xx 000 0 und d
041 ## - LANGUAGE CODE
Language code of text/sound track or separate title eng
082 ## - DEWEY DECIMAL CLASSIFICATION NUMBER
Classification number -
Item number RAO
100 ## - MAIN ENTRY--PERSONAL NAME
Personal name Rao, B. S.
9 (RLIN) 71029
245 ## - TITLE STATEMENT
Title Old And The New
250 ## - EDITION STATEMENT
Edition statement 1ST
260 ## - PUBLICATION, DISTRIBUTION, ETC. (IMPRINT)
Place of publication, distribution, etc. Delhi
Name of publisher, distributor, etc. B.S. Rao
Date of publication, distribution, etc. 2014
300 ## - PHYSICAL DESCRIPTION
Extent 194
542 ## - INFORMATION RELATING TO COPYRIGHT STATUS
Copyright holder 31-03-2015
650 ## - SUBJECT ADDED ENTRY--TOPICAL TERM
Topical term or geographic name as entry element Short Stories
9 (RLIN) 71030
906 ## - LOCAL DATA ELEMENT F, LDF (RLIN)
d 2014-2015
f 6415
Holdings
Withdrawn status Lost status Source of classification or shelving scheme Damaged status Not for loan Collection code Home library Current library Date acquired Vendor Cost, normal purchase price Total Checkouts Total Holds Full call number Barcode Date last seen Bill Date Koha item type Original Barcode
    Dewey Decimal Classification       Shri Siddhivinayak Mahila Mahavidyalaya Shri Siddhivinayak Mahila Mahavidyalaya 31/03/2015 B.S. Rao 95.00   2 -/RAO/B/25275 SSMM-BK-25275 06/08/2022 06/08/2022 Books 010025275